आओ प्रयोग करें / (Record no. 61406)

MARC details
000 -LEADER
fixed length control field 00828nam a22001577a 4500
005 - DATE AND TIME OF LATEST TRANSACTION
control field 20120124114545.0
020 ## - INTERNATIONAL STANDARD BOOK NUMBER
International Standard Book Number 8185826005
Terms of availability 200.00
082 ## - DEWEY DECIMAL CLASSIFICATION NUMBER
Classification number 507.8
100 ## - MAIN ENTRY--PERSONAL NAME
Personal name शर्मा, श्यामसुन्दर
245 ## - TITLE STATEMENT
Title आओ प्रयोग करें /
Statement of responsibility, etc शर्मा, श्यामसुन्दर
260 ## - PUBLICATION, DISTRIBUTION, ETC. (IMPRINT)
Place of publication, distribution, etc नई दिल्ली
Name of publisher, distributor, etc ग्रंथ अकादमी
Date of publication, distribution, etc 2011
270 ## - ADDRESS
Address 1659, पुराना दरियागंज
City नई दिल्ली
300 ## - PHYSICAL DESCRIPTION
Extent 116 पृ.
Other physical details सचित्र
Dimensions 24 सेमी (सजिल्द)
942 ## - ADDED ENTRY ELEMENTS (KOHA)
Source of classification or shelving scheme Dewey Decimal Classification
Item type Children Books
Call number suffix शर्माश्या
Classification part 507.8
Holdings
Withdrawn status Lost status Not for loan Home library Current library Date acquired Cost, normal purchase price Full call number Cost, replacement price Koha item type
    Ordered Andrews Gunj Andrews Gunj 31/01/2012 200.00 507.8 शर्माश्या 200.00 Children Books

© Delhi Public Library
Hit Counter
free hit counter